000 00349 a2200157 4500
001 58923
020 _a8510034745
040 _cAnchieta - Pituba
100 _aJunqueira, Silas Martins
240 1 0 _aGeografia
_lpor
245 1 0 _aGeografia
300 _a200
362 0 _a2005
650 4 _aGeografia histórica - Atlas históricos
942 _cBK
999 _c58923
_d58923